00937nam a2200253Ia 4500003000400000005001700004008004100021020001800062040001800080041000800098082002100106100002500127245010000152250001200252260003500264300002900299650003600328650003900364650003900403700002700442942003000469999001900499952016500518OSt20251119113047.0210716s2009 xx 000 0 und d a9788181285010 cAIMIT LIBRARY aeng a005.82 21bDELH aDelfs, Hans.9246373 aIntroduction to cryptography : bprinciples and applications /cBy Hans Delfs and Helmut Knebl. a1st ed. aNew Delhi :bSpringer ,c2009. axiv,310p. ;bPBc23.3 cm aCryptographic protocols9246374 aProbabilistic algorithms 9246375 aProvably secure encryption9246376 aKnebl, Helmut.9246377 2ddccBKe1stk005.82 DELH c190272d190272 00102ddc40708MCAaAIMITbAIMITeCurrent Booksg295.00iBill no:27; Bill dt:2010-04-30l0o005.82 DELHpMCA09780r2026-05-23 00:00:00v212.40w2021-07-16yBK